[Event "ICS rated standard match"]
[Site "204.178.125.65"]
[Date "2000.04.25"]
[Round "?"]
[White "WhiteCastles"]
[Black "Hossa"]
[Result "1-0"]
[WhiteElo "2650"]
[BlackElo "2418"]
[PlyCount "137"]
[EventDate "2000.??.??"]

1. e4 e5 2. Nf3 Nc6 3. Bb5 d6 4. d4 Bd7 5. Nc3 Nf6 6. O-O Be7 7. Bxc6 Bxc6 8.
Qd3 exd4 9. Nxd4 Bd7 10. b3 O-O 11. Bb2 c6 12. Rfe1 Re8 13. h3 Bc8 14. Rad1 d5
15. exd5 cxd5 16. Qf3 Qd6 17. a4 a6 18. Nf5 Bxf5 19. Qxf5 Rad8 20. Ne2 Qb4 21.
Bc3 Qd6 22. Nf4 g6 23. Qe5 Qc6 24. Re3 Rd6 25. Qd4 Bf8 26. Rxe8 Qxe8 27. Qe5 d4
28. Qxe8 Nxe8 29. Bxd4 f6 30. c4 Nc7 31. Rd3 Bh6 32. Nd5 Nxd5 33. Bc5 Rc6 34.
Rxd5 Bf4 35. g3 Bc7 36. Bd4 Bd6 37. Bxf6 Bxg3 38. Rd8+ Kf7 39. Bb2 Bc7 40. Rd7+
Ke8 41. Rxh7 Kd8 42. Bc3 b5 43. Rh4 Kc8 44. Kg2 bxa4 45. bxa4 Re6 46. Bd4 Re8
47. Kf3 Rf8+ 48. Ke4 Re8+ 49. Kd3 a5 50. c5 Kb8 51. Kc4 Kb7 52. Kb5 Rf8 53. c6+
Kb8 54. Rh8 Rxh8 55. Bxh8 Bd8 56. Bc3 Bh4 57. Bxa5 Bf6 58. c7+ Kb7 59. Bb6 Bc3
60. a5 Bxa5 61. Bxa5 Kc8 62. Kc6 g5 63. Kd6 g4 64. hxg4 Kb7 65. Kd7 Ka6 66. Bd2
Kb5 67. c8=Q Kb6 68. Kd6 Kb5 69. Qc6# {Hossa checkmated} 1-0

[Event "ICS rated standard match"]
[Site "204.178.125.65"]
[Date "2000.04.25"]
[Round "?"]
[White "Hossa"]
[Black "WhiteCastles"]
[Result "0-1"]
[WhiteElo "2411"]
[BlackElo "2657"]
[PlyCount "86"]
[EventDate "2000.??.??"]

1. e4 e5 2. Nf3 Nf6 3. d4 Nxe4 4. Bd3 d5 5. Nxe5 Nd7 6. Nxd7 Bxd7 7. O-O Bd6 8.
c4 c6 9. cxd5 cxd5 10. Bxe4 dxe4 11. Re1 O-O 12. Rxe4 Qc7 13. g3 Ba4 14. b3 Bc6
15. Re3 Rad8 16. Nc3 Bc5 17. Rd3 Qd7 18. Be3 b6 19. d5 Be7 20. Qh5 Bb7 21. Rad1
Rfe8 22. Bd4 h6 23. Be5 Bb4 24. d6 f6 25. Qh4 Qc6 26. f3 Bc5+ 27. Bd4 Ba6 28.
R3d2 Bb4 29. Rc2 Rxd6 30. Kg2 Bxc3 31. Rxc3 Qxc3 32. Bxc3 Rxd1 33. g4 Re2+ 34.
Kh3 Rd3 35. Qg3 Rxc3 36. Qb8+ Kh7 37. Qa8 Bd3 38. Qxa7 Be4 39. Kh4 Rxf3 40. h3
Ree3 41. Qxg7+ Kxg7 42. g5 Rf4+ 43. Kh5 Rxh3# {Hossa checkmated} 0-1

[Event "ICS rated standard match"]
[Site "204.178.125.65"]
[Date "2000.04.25"]
[Round "?"]
[White "WhiteCastles"]
[Black "Hossa"]
[Result "1-0"]
[WhiteElo "2663"]
[BlackElo "2405"]
[PlyCount "87"]
[EventDate "2000.??.??"]

1. e4 e5 2. Nf3 Nc6 3. Bb5 a6 4. Ba4 Nf6 5. O-O Be7 6. Re1 b5 7. Bb3 O-O 8. a4
Bb7 9. d3 d6 10. Nc3 Na5 11. Ba2 b4 12. Ne2 c5 13. Ng3 Bc8 14. h3 Rb8 15. Nd2
Be6 16. Nc4 Nc6 17. f4 exf4 18. Bxf4 Rb7 19. Nf5 Bxf5 20. exf5 Qd7 21. g4 Ne8
22. a5 Bh4 23. Re3 Nd4 24. Nb6 Qd8 25. c3 bxc3 26. bxc3 Nb5 27. Qd2 Nec7 28.
Qg2 Bg5 29. Bxg5 Qxg5 30. Rae1 Ra7 31. Re7 Nxc3 32. Nd7 Rd8 33. Rxf7 d5 34.
Ree7 Qc1+ 35. Qf1 Qh6 36. Qe1 Raa8 37. Qxc3 Ne6 38. Rxe6 Kxf7 39. Bxd5 Rxd7 40.
Rf6+ Ke8 41. Qe5+ Re7 42. Bc6+ Kd8 43. Rf8+ Re8 44. Rxe8# {Hossa checkmated}
1-0

[Event "ICS rated blitz match"]
[Site "204.178.125.65"]
[Date "2000.04.25"]
[Round "?"]
[White "Hossa"]
[Black "MissSilicon"]
[Result "1-0"]
[WhiteElo "2428"]
[BlackElo "2649"]
[PlyCount "56"]
[EventDate "2000.??.??"]

1. e4 e6 2. d4 d5 3. Nc3 Bb4 4. e5 c5 5. a3 Bxc3+ 6. bxc3 Ne7 7. Nf3 Qa5 8. Bd2
Nbc6 9. a4 O-O 10. Bb5 a6 11. Bd3 c4 12. Bxh7+ Kxh7 13. Ng5+ Kg8 14. Qh5 Rd8
15. Qxf7+ Kh8 16. Qh5+ Kg8 17. O-O Nf5 18. Qh7+ Kf8 19. Qg6 Kg8 20. g4 Nfe7 21.
Qf7+ Kh8 22. Rfe1 Nxd4 23. cxd4 Qxd2 24. Qxe7 Bd7 25. Nf7+ Kg8 26. Nxd8 Qf4 27.
h3 Qf8 28. Qxf8+ Kxf8 {MissSilicon resigns} 1-0

[Event "ICS rated blitz match"]
[Site "204.178.125.65"]
[Date "2000.04.25"]
[Round "?"]
[White "MissSilicon"]
[Black "Hossa"]
[Result "1-0"]
[WhiteElo "2624"]
[BlackElo "2453"]
[PlyCount "121"]
[EventDate "2000.??.??"]

1. d4 Nf6 2. c4 e6 3. Nc3 Bb4 4. Qc2 c5 5. Nf3 cxd4 6. Nxd4 Nc6 7. e3 O-O 8.
Nxc6 Bxc3+ 9. Qxc3 dxc6 10. Bd3 e5 11. b3 Bg4 12. Ba3 Re8 13. O-O Qd7 14. f3 e4
15. Rad1 exd3 16. Rxd3 Qe6 17. fxg4 Qxg4 18. Bb2 Ne4 19. Qd4 f6 20. Rf3 Qg5 21.
Rf1 Qa5 22. Rfd1 Re7 23. a4 Qf5 24. Rf1 Qh5 25. Ba3 c5 26. Qb2 Qe8 27. Rfd1 g6
28. Qc1 Qc8 29. b4 b6 30. Qc2 f5 31. b5 Qc7 32. Bb2 Rf8 33. Ba1 Kf7 34. Qb2 Rg8
35. Rd5 Qc8 36. a5 bxa5 37. Qa3 a6 38. b6 Qb7 39. Qxa5 Rb8 40. Rb1 Kg8 41. Qa3
Rf7 42. Qb2 Nf6 43. Rd6 Rbf8 44. Re6 a5 45. Rd1 Kg7 46. Rdd6 Kh6 47. Rxf6 Rxf6
48. Rxf6 Re8 49. Rd6 Rxe3 50. Qd2 Qe4 51. b7 Qb1+ 52. Kf2 f4 53. Bb2 Qe4 54.
b8=Q Qe7 55. Bf6 Qf7 56. Qd5 Qxf6 57. Rxf6 Re7 58. Qxf4+ Kg7 59. Rf7+ Kh8 60.
Rxe7 g5 61. Qfe5# {Hossa checkmated} 1-0

[Event "ICS rated blitz match"]
[Site "204.178.125.65"]
[Date "2000.04.25"]
[Round "?"]
[White "Hossa"]
[Black "undertaker1"]
[Result "0-1"]
[WhiteElo "2444"]
[BlackElo "2613"]
[PlyCount "150"]
[EventDate "2000.??.??"]

1. Nf3 Nf6 2. g3 g6 3. c4 Bg7 4. Bg2 O-O 5. O-O d6 6. d4 Nbd7 7. Nc3 e5 8. dxe5
dxe5 9. Bg5 h6 10. Bxf6 Qxf6 11. Qd2 Nb6 12. Qc1 Be6 13. c5 Nd5 14. Nd2 Rfd8
15. Bxd5 Bxd5 16. Nxd5 Rxd5 17. Nb3 e4 18. Qc2 Qxb2 19. Qxe4 Rad8 20. Qa4 Qxe2
21. Rae1 Qa6 22. Re8+ Rxe8 23. Qxe8+ Bf8 24. Qc8 c6 25. a3 Rd3 26. Nc1 Rxa3 27.
Re1 Ra1 28. Qc7 Qc4 29. Qf4 Qxf4 30. gxf4 Bxc5 31. Rf1 Ra4 32. Nd3 Bd6 33. Rb1
Rd4 34. Ne1 b6 35. f5 Rg4+ 36. Kf1 Bxh2 37. Ra1 a5 38. Nf3 Bc7 39. fxg6 fxg6
40. Rd1 Rf4 41. Nd4 Rf6 42. Rc1 c5 43. Ne2 Kf7 44. Nc3 Be5 45. Nd5 Rd6 46. Nxb6
Rxb6 47. Rxc5 Bd4 48. Rc4 Rb4 49. Rc7+ Ke6 50. Rc6+ Kf5 51. Rd6 a4 52. Ra6 Rb2
53. Rxa4 Rxf2+ 54. Ke1 Bb6 55. Ra3 Rb2 56. Kd1 h5 57. Kc1 Bd4 58. Rf3+ Ke4 59.
Rh3 Ra2 60. Kb1 Rd2 61. Kc1 Be3 62. Kb1 Re2 63. Rh1 Kf3 64. Rh4 Kg3 65. Re4 h4
66. Re6 g5 67. Re5 h3 68. Re7 h2 69. Rh7 Kg2 70. Rh6 h1=Q+ 71. Rxh1 Kxh1 72.
Ka1 g4 73. Kb1 g3 74. Ka1 g2 75. Kb1 g1=Q# {Hossa checkmated} 0-1

[Event "ICS rated blitz match"]
[Site "204.178.125.65"]
[Date "2000.04.25"]
[Round "?"]
[White "undertaker1"]
[Black "Hossa"]
[Result "1/2-1/2"]
[WhiteElo "2622"]
[BlackElo "2435"]
[PlyCount "206"]
[EventDate "2000.??.??"]

1. e4 e5 2. Nf3 Nc6 3. Bb5 a6 4. Ba4 f5 5. d4 exd4 6. e5 Bc5 7. O-O Nge7 8. Bb3
d5 9. exd6 Qxd6 10. Re1 h6 11. Nbd2 Qf6 12. Nc4 Be6 13. Nd6+ Bxd6 14. Bxe6 Be5
15. Nxe5 Nxe5 16. Bf4 N7c6 17. Bxe5 Nxe5 18. f4 Ng4 19. Qf3 Ne3 20. Qxb7 Ke7
21. Bb3 Rhc8 22. Qd5 Kf8 23. Qc5+ Qd6 24. Qxd6+ cxd6 25. Re2 Re8 26. Ba4 Re7
27. Rae1 Rc8 28. g3 Re4 29. Kf2 g5 30. Kf3 Nxc2 31. Rxe4 fxe4+ 32. Rxe4 d3 33.
fxg5 hxg5 34. Bd7 Rb8 35. b3 Rb7 36. Bg4 Rf7+ 37. Kg2 Re7 38. Rxe7 Kxe7 39. Kf3
d5 40. Bc8 a5 41. Ba6 Nb4 42. Bb5 d2 43. Ke2 Nxa2 44. Kxd2 Ke6 45. h4 gxh4 46.
gxh4 d4 47. h5 Nb4 48. Be8 Ke7 49. h6 Kf8 50. Bg6 Nd5 51. Bf5 Nf4 52. Be4 Kf7
53. Kd1 Kg8 54. Bf5 Kf8 55. Kc1 Ng2 56. Kb2 Kg8 57. h7+ Kh8 58. Kc1 Ne3 59. Bg6
Kg7 60. Kd2 Nd5 61. Bf5 Nb4 62. Be4 Kh8 63. Bg6 Nc6 64. Ke2 Kg7 65. Be4 Ne5 66.
Bf5 Kh8 67. Kd2 Kg7 68. Kc2 Kh8 69. Kb2 Nf7 70. Ka2 Nd6 71. Bg6 Nb5 72. Kb1 Nc7
73. Bf5 Nd5 74. Kb2 Kg7 75. Kc1 Ne3 76. Be4 Ng4 77. Kd2 Nf2 78. Bf5 Nh1 79. Kd3
Ng3 80. Bg6 Nf1 81. Kxd4 Nd2 82. Kc3 Nf3 83. Bf5 Kh8 84. Bd3 Kg7 85. Bc2 Ne5
86. Kd4 Nf3+ 87. Kd3 Kh8 88. Kc3 Kg7 89. Bb1 Kh8 90. Kd3 Ng5 91. Kc4 Nf3 92.
Kc3 Kg7 93. Be4 Ng5 94. Kd4 Kh8 95. Kd5 Kg7 96. Bf5 Nf3 97. Kc5 Nd2 98. Kb5
Nxb3 99. Bg6 Kh8 100. Kb6 a4 101. Bc2 Nd4 102. Bxa4 Kg7 103. Kc7 Kxh7 1/2-1/2

[Event "ICS rated blitz match"]
[Site "204.178.125.65"]
[Date "2000.04.25"]
[Round "?"]
[White "Hossa"]
[Black "undertaker1"]
[Result "0-1"]
[WhiteElo "2443"]
[BlackElo "2614"]
[PlyCount "152"]
[EventDate "2000.??.??"]

1. e4 e5 2. Nf3 Nc6 3. Nc3 g6 4. Bc4 Bg7 5. O-O d6 6. Bb5 Nge7 7. d3 a6 8. Bc4
b5 9. Bb3 O-O 10. Bg5 h6 11. Bh4 Na5 12. Nd5 g5 13. Bg3 Nxb3 14. Nxe7+ Qxe7 15.
axb3 h5 16. h3 h4 17. Bh2 g4 18. hxg4 Bxg4 19. Qe2 Qf6 20. Ra5 Rfb8 21. Rfa1
Rb6 22. Qe3 Bh6 23. Qe2 Kh8 24. b4 Rg8 25. Kh1 Bf4 26. Bxf4 Qxf4 27. Qe3 Qxe3
28. fxe3 Bxf3 29. gxf3 Rc6 30. c3 Rg3 31. Rxa6 Rxa6 32. Rxa6 Rxf3 33. Rc6 Rxe3
34. Rxc7 Kg7 35. Rb7 Rxd3 36. Rxb5 Kf6 37. Rb6 Rd2 38. b3 h3 39. Rb8 Kg5 40.
Rh8 Kg4 41. Rh7 Rd3 42. Rg7+ Kh5 43. Kh2 Rxc3 44. Rg3 Rc2+ 45. Kh1 Kh4 46. Rf3
Re2 47. Rxf7 Rxe4 48. Kh2 Re2+ 49. Kg1 Rb2 50. Rh7+ Kg4 51. Rg7+ Kf3 52. Rh7
Kg3 53. Rg7+ Kf4 54. Rf7+ Ke4 55. Rh7 Rxb3 56. Rh4+ Kd5 57. Kh2 e4 58. b5 Rxb5
59. Rxh3 Rb2+ 60. Kg1 Kd4 61. Kf1 e3 62. Rh5 d5 63. Ke1 Ke4 64. Kd1 d4 65. Kc1
Rf2 66. Kd1 d3 67. Kc1 Rf1+ 68. Kb2 d2 69. Rh7 d1=Q 70. Re7+ Kf3 71. Rf7+ Ke2
72. Rb7 Qd4+ 73. Kc2 Qd3+ 74. Kb2 Rb1+ 75. Ka2 Rxb7 76. Ka1 Qa3# {
Hossa checkmated} 0-1

[Event "ICS rated blitz match"]
[Site "204.178.125.65"]
[Date "2000.04.25"]
[Round "?"]
[White "undertaker1"]
[Black "Hossa"]
[Result "1-0"]
[WhiteElo "2623"]
[BlackElo "2434"]
[PlyCount "109"]
[EventDate "2000.??.??"]

1. e4 e5 2. Nf3 Nc6 3. Bb5 a6 4. Ba4 f5 5. d4 exd4 6. e5 Bc5 7. O-O Nge7 8. Bb3
d5 9. exd6 Qxd6 10. Re1 h6 11. Nbd2 Qf6 12. Nc4 Be6 13. Nd6+ Bxd6 14. Bxe6 Be5
15. Nxe5 Nxe5 16. Bf4 N7c6 17. Bxe5 Nxe5 18. f4 Ng4 19. c3 Kf8 20. Qxd4 Qxd4+
21. cxd4 g6 22. Bd5 c6 23. Bb3 a5 24. Re6 a4 25. Bc4 Re8 26. Rae1 Rxe6 27. Rxe6
h5 28. h3 Nh6 29. Rxg6 h4 30. Be6 Ke7 31. d5 cxd5 32. Bxd5 Rd8 33. Re6+ Kf8 34.
Rxh6 Rxd5 35. Rxh4 Rd1+ 36. Kh2 Rd4 37. Rh5 Rxf4 38. Kg3 Rf1 39. Rh4 Rb1 40.
Rb4 a3 41. bxa3 Rxb4 42. axb4 Kg7 43. a4 Kf6 44. a5 Ke5 45. b5 b6 46. a6 Kd6
47. a7 Kc7 48. a8=Q Kd6 49. Qc6+ Ke5 50. Qxb6 f4+ 51. Kf3 Kf5 52. Qd6 Kg5 53.
Qe6 Kh5 54. Kxf4 Kh4 55. Qh6# {Hossa checkmated} 1-0

[Event "ICS rated blitz match"]
[Site "204.178.125.65"]
[Date "2000.04.25"]
[Round "?"]
[White "rmdg567"]
[Black "Hossa"]
[Result "0-1"]
[WhiteElo "2040"]
[BlackElo "2426"]
[PlyCount "64"]
[EventDate "2000.??.??"]

1. e4 e5 2. Nf3 Nc6 3. Bb5 a6 4. Ba4 Nf6 5. O-O Be7 6. Qe2 b5 7. Bb3 O-O 8. c3
d6 9. h3 Na5 10. Bc2 Be6 11. d4 Bc4 12. Bd3 Bxd3 13. Qxd3 Nc6 14. d5 Nb8 15.
Nbd2 c6 16. dxc6 Nxc6 17. Rd1 d5 18. exd5 Qxd5 19. Qxd5 Nxd5 20. Nb3 Rfd8 21.
Bg5 f6 22. Bh4 Rd7 23. a4 bxa4 24. Rxa4 Nxc3 25. Rxd7 Nxa4 26. Nxe5 Nxe5 27.
Rxe7 Ng6 28. Re4 Nxb2 29. Bg3 f5 30. Re2 Nd3 31. Bd6 Rd8 32. Bc5 Rb8 {
rmdg567 resigns} 0-1

[Event "ICS rated blitz match"]
[Site "204.178.125.65"]
[Date "2000.04.25"]
[Round "?"]
[White "Hossa"]
[Black "rmdg567"]
[Result "1-0"]
[WhiteElo "2429"]
[BlackElo "2037"]
[PlyCount "61"]
[EventDate "2000.??.??"]

1. e4 c5 2. Nf3 d6 3. d4 cxd4 4. Nxd4 Nf6 5. Nc3 g6 6. Be3 Bg7 7. f3 O-O 8. Qd2
Nc6 9. Bc4 Bd7 10. O-O-O Qc7 11. Ncb5 Qb8 12. Bd3 a6 13. Nc3 Ne5 14. Bf1 Rc8
15. Bh6 Bh8 16. Nd5 Nxd5 17. exd5 Nc4 18. Qe1 Bf6 19. Kb1 b5 20. Qe4 Qb6 21. g4
Qc5 22. h3 a5 23. Rh2 a4 24. Bxc4 bxc4 25. c3 Rab8 26. f4 a3 27. g5 Bxd4 28.
Qxd4 Bf5+ 29. Ka1 axb2+ 30. Rxb2 Rxb2 31. Qg7# {rmdg567 checkmated} 1-0

[Event "ICS rated blitz match"]
[Site "204.178.125.65"]
[Date "2000.04.25"]
[Round "?"]
[White "MissSilicon"]
[Black "Hossa"]
[Result "1-0"]
[WhiteElo "2591"]
[BlackElo "2432"]
[PlyCount "127"]
[EventDate "2000.??.??"]

1. e4 e5 2. f4 exf4 3. Nf3 g5 4. h4 g4 5. Ne5 Nf6 6. d4 d6 7. Nd3 Nxe4 8. Bxf4
Qe7 9. Be2 Bg7 10. c3 Bf5 11. h5 Nd7 12. h6 Bf8 13. Nb4 O-O-O 14. Na3 Ndf6 15.
O-O g3 16. Nb5 Bd7 17. Nxa7+ Kb8 18. Nb5 Bxb5 19. Bxb5 Qe6 20. Nc6+ bxc6 21.
Bxc6 Nd7 22. Qd3 Nb6 23. Qa6 Qc8 24. Qxc8+ Nxc8 25. Bxe4 d5 26. Be5 Bxh6 27.
Bxh8 Be3+ 28. Kh1 dxe4 29. Bf6 Rd6 30. Rf5 Rb6 31. a4 Ne7 32. Rb5 Rxb5 33. axb5
Nd5 34. Be5 Bf2 35. c4 Nb6 36. b3 Kb7 37. Ra6 Nd7 38. Bf4 Bxd4 39. Bxg3 Nc5 40.
Rh6 e3 41. Rxh7 Ne4 42. Be1 f5 43. Rd7 Be5 44. Rd5 Bg3 45. Bxg3 Nxg3+ 46. Kg1
f4 47. Rd7 Ne4 48. Re7 Ng3 49. c5 Kb8 50. Re8+ Kb7 51. c6+ Kb6 52. Rb8+ Kc5 53.
b4+ Kd4 54. b6 Ne4 55. Rd8+ Kc3 56. Kf1 cxb6 57. c7 Ng3+ 58. Ke1 Kxb4 59. c8=Q
b5 60. Rd4+ Kb3 61. Rd3+ Kb2 62. Qc3+ Ka2 63. Qb3+ Ka1 64. Rd1# {
Hossa checkmated} 1-0

[Event "ICS rated blitz match"]
[Site "204.178.125.65"]
[Date "2000.04.25"]
[Round "?"]
[White "Hossa"]
[Black "MissSilicon"]
[Result "0-1"]
[WhiteElo "2423"]
[BlackElo "2600"]
[PlyCount "138"]
[EventDate "2000.??.??"]

1. e4 e6 2. d4 d5 3. Nc3 Nf6 4. Bg5 Bb4 5. e5 h6 6. Bd2 Bxc3 7. bxc3 Ne4 8. Nf3
c5 9. Bd3 O-O 10. O-O f5 11. exf6 Nxd2 12. Qxd2 Rxf6 13. Rfe1 c4 14. Bf1 Nc6
15. Re3 Bd7 16. Ne5 Nxe5 17. Rxe5 Qb6 18. Re2 Raf8 19. Qe1 Qa5 20. Rb1 b6 21.
a3 R6f7 22. Ra1 Kh7 23. Qd2 Kg6 24. f3 Rf5 25. Qe1 Kh7 26. Re3 R5f7 27. Re5 Rc8
28. a4 g6 29. h4 Rf6 30. h5 gxh5 31. Rxh5 Bxa4 32. Re5 Rc6 33. Qh4 Kg7 34. Qg3+
Kf7 35. Be2 Rg6 36. Qf4+ Kg8 37. Rh5 b5 38. Rxh6 Rxh6 39. Qxh6 Qxc3 40. Qg6+
Kf8 41. Qh6+ Ke8 42. Rc1 Qxd4+ 43. Kf1 Kf7 44. g4 Rc8 45. Qh7+ Qg7 46. Qxg7+
Kxg7 47. Kf2 e5 48. Bf1 d4 49. Kg3 a5 50. Be2 Rd8 51. Bf1 d3 52. cxd3 cxd3 53.
Rc7+ Kf6 54. Ra7 d2 55. Be2 Rd3 56. Rxa5 Re3 57. Rxa4 bxa4 58. Bd1 a3 59. Kf2
Re1 60. Bb3 d1=Q 61. Bxd1 Rxd1 62. Ke2 Rd4 63. Kf2 a2 64. Ke3 a1=Q 65. Ke2 Qd1+
66. Kf2 Rd2+ 67. Kg3 Qe1+ 68. Kh3 Qh1+ 69. Kg3 Qh2# {Hossa checkmated} 0-1

[Event "ICS Rated standard match"]
[Site "204.178.125.65"]
[Date "2000.04.25"]
[Round "?"]
[White "Hossa"]
[Black "WhiteCastles"]
[Result "0-1"]
[WhiteElo "2399"]
[BlackElo "2669"]
[PlyCount "162"]
[EventDate "2000.??.??"]

1. e4 e5 2. Nf3 Nc6 3. Nc3 Nf6 4. Nxe5 Nxe5 5. d4 Ng6 6. e5 Ng8 7. Bc4 d6 8.
Qf3 Qd7 9. O-O Qf5 10. Qe2 dxe5 11. f4 e4 12. Nxe4 Be7 13. Ng3 Qd7 14. f5 Nh4
15. Rf4 Kd8 16. Bxf7 Bf6 17. Be6 Qc6 18. Nh5 Ng6 19. Re4 N6e7 20. Ng3 h5 21. c4
h4 22. d5 Qb6+ 23. c5 Qxc5+ 24. Be3 Qd6 25. Nh5 Nxf5 26. Bf2 Bxe6 27. Rxe6 Qd7
28. Re1 Kc8 29. Re8+ Bd8 30. Nf4 Nd6 31. Rf8 Nf7 32. Qe8 Nd6 33. Qxd7+ Kxd7 34.
Ng6 Rh6 35. Ne5+ Kc8 36. Rxg8 h3 37. Rxg7 hxg2 38. Rg8 a5 39. Kxg2 Ra6 40. h4
Rh7 41. Rf8 Rh5 42. Kh3 Rf5 43. Rxf5 Nxf5 44. Nf7 Rf6 45. Nxd8 Kxd8 46. Re5 Kd7
47. Be3 Nxe3 48. Rxe3 Kd6 49. Kg4 Rg6+ 50. Kf5 Rg2 51. Rb3 b6 52. Rb5 Rf2+ 53.
Kg6 Rg2+ 54. Kh6 Ke5 55. h5 a4 56. a3 Rg3 57. Rb4 Kxd5 58. Rxa4 c5 59. Rf4 Rg2
60. Kh7 Rxb2 61. h6 c4 62. Kh8 c3 63. h7 c2 64. Rf5+ Ke4 65. Rf1 Rb1 66. Kg7
Rxf1 67. h8=Q c1=Q 68. Qe8+ Kf4 69. Qf7+ Kg4 70. Qe6+ Kh4 71. Qe4+ Qf4 72. Qh7+
Kg4 73. Qg6+ Qg5 74. Kh7 Qxg6+ 75. Kxg6 b5 76. Kh6 Kf5 77. Kg7 Kg5 78. Kh7 Kf6
79. Kg8 Rh1 80. a4 bxa4 81. Kf8 Rh8# {Hossa checkmated} 0-1

[Event "ICS rated standard match"]
[Site "204.178.125.65"]
[Date "2000.04.25"]
[Round "?"]
[White "WhiteCastles"]
[Black "Hossa"]
[Result "1-0"]
[WhiteElo "2675"]
[BlackElo "2393"]
[PlyCount "97"]
[EventDate "2000.??.??"]

1. e4 e5 2. Nf3 Nc6 3. Bb5 a6 4. Ba4 Nf6 5. O-O b5 6. Bb3 Be7 7. Re1 O-O 8. c3
d6 9. h3 a5 10. a4 b4 11. d4 bxc3 12. bxc3 Bd7 13. d5 Nb8 14. Ba3 Na6 15. Nbd2
c6 16. Nxe5 dxe5 17. d6 Bxd6 18. Bxd6 Bg4 19. hxg4 Qxd6 20. g5 Nd7 21. Nc4 Qc7
22. Rb1 Nac5 23. Bc2 Ne6 24. Qg4 Qd8 25. Red1 Qc7 26. Qf5 Rad8 27. Ra1 Rb8 28.
Rab1 Rxb1 29. Rxb1 Nf4 30. Kf1 Ne6 31. Kg1 g6 32. Qg4 Nf4 33. Qf3 f6 34. gxf6
Nxf6 35. Qd1 Rd8 36. Qe1 Ng4 37. f3 Qa7+ 38. Kh1 Nf2+ 39. Kh2 N4d3 40. Qd2 Qe7
41. Qh6 Qc7 42. Nd6 Qxd6 43. Rb7 Ng4+ 44. fxg4 Qf6 45. Bb3+ Rd5 46. Bxd5+ cxd5
47. Qxh7+ Kf8 48. Rb8+ Qd8 49. Rxd8# {Hossa checkmated} 1-0

[Event "ICS rated standard match"]
[Site "204.178.125.65"]
[Date "2000.04.26"]
[Round "?"]
[White "obscuremaster"]
[Black "Hossa"]
[Result "0-1"]
[WhiteElo "2126"]
[BlackElo "2388"]
[PlyCount "186"]
[EventDate "2000.??.??"]

1. e4 e5 2. Nf3 Nc6 3. Bb5 a6 4. Bxc6 dxc6 5. d4 exd4 6. Qxd4 Qxd4 7. Nxd4 Bd7
8. Bf4 O-O-O 9. c3 c5 10. Ne2 Re8 11. Nd2 f5 12. Ng3 fxe4 13. Ndxe4 h5 14. h4
Nf6 15. f3 Bc6 16. O-O Nxe4 17. fxe4 Bxe4 18. Nxe4 Rxe4 19. Rae1 Rxe1 20. Rxe1
Bd6 21. Bxd6 cxd6 22. Re7 Rg8 23. c4 g5 24. hxg5 Rxg5 25. b3 d5 26. cxd5 Rxd5
27. Kh2 a5 28. Kh3 Rg5 29. g3 b6 30. Rh7 a4 31. Rf7 axb3 32. axb3 Re5 33. Rf3
Kc7 34. g4 b5 35. gxh5 Rxh5+ 36. Kg4 Rd5 37. Kf4 Kb6 38. Ke4 Rd1 39. Rc3 Rf1
40. Kd5 Rg1 41. Rf3 Rd1+ 42. Ke4 Ka5 43. Ke3 Kb4 44. Ke2 Rb1 45. Kd2 Rxb3 46.
Rf4+ c4 47. Kc2 Ka3 48. Rf8 Rb2+ 49. Kc3 b4+ 50. Kxc4 Rc2+ 51. Kd3 b3 52. Rb8
Ka2 53. Rb5 Rc6 54. Ra5+ Kb1 55. Kd2 b2 56. Ra4 Rd6+ 57. Ke2 Kc2 58. Rc4+ Kb3
59. Rc8 Rb6 60. Rd8 Ka2 61. Ra8+ Kb1 62. Kd2 Rd6+ 63. Ke2 Rd5 64. Ra7 Kc2 65.
Rc7+ Kb3 66. Rb7+ Kc3 67. Rb8 Rd4 68. Rb7 Rb4 69. Rc7+ Kb3 70. Rd7 Re4+ 71. Kd2
Ka2 72. Ra7+ Kb1 73. Rb7 Ra4 74. Rb6 Ka1 75. Kc2 Ra2 76. Kc3 Ra3+ 77. Kc2 Ra5
78. Rb8 Rc5+ 79. Kd2 b1=Q 80. Ra8+ Qa2+ 81. Rxa2+ Kxa2 82. Kd3 Kb3 83. Kd4 Rh5
84. Ke4 Kc3 85. Ke3 Rh4 86. Ke2 Rh3 87. Kf2 Kd3 88. Kg2 Re3 89. Kf2 Kd2 90. Kg2
Ke2 91. Kg1 Kf3 92. Kf1 Kg3 93. Kg1 Re1# 0-1

[Event "ICS rated blitz match"]
[Site "204.178.125.65"]
[Date "2000.04.26"]
[Round "?"]
[White "Hossa"]
[Black "maese"]
[Result "1-0"]
[WhiteElo "2415"]
[BlackElo "1958"]
[PlyCount "61"]
[EventDate "2000.??.??"]

1. e4 e5 2. Nf3 Nf6 3. d4 Nxe4 4. Bd3 d5 5. Nxe5 Bb4+ 6. c3 Bd6 7. O-O O-O 8.
Qc2 f5 9. Nd2 Bxe5 10. dxe5 c6 11. Nf3 Be6 12. Nd4 Qe7 13. b4 c5 14. bxc5 Nxc5
15. Ba3 b6 16. Nxf5 Bxf5 17. Bxf5 Qxe5 18. Bxh7+ Kh8 19. Rfe1 Qf6 20. Rad1 Nbd7
21. Rxd5 Rae8 22. Rf1 Re5 23. c4 Qh6 24. Bxc5 Nxc5 25. Rxe5 Qxh7 26. Qxh7+ Kxh7
27. Re7 Rf4 28. Rxa7 Rxc4 29. Rb1 b5 30. Rc7 b4 31. h4 {maese resigns} 1-0

[Event "ICS rated blitz match"]
[Site "204.178.125.65"]
[Date "2000.04.26"]
[Round "?"]
[White "BlackBear6"]
[Black "Hossa"]
[Result "0-1"]
[WhiteElo "2400"]
[BlackElo "2417"]
[PlyCount "32"]
[EventDate "2000.??.??"]

1. c4 e5 2. Nc3 Nf6 3. e4 Bc5 4. g3 Nc6 5. Bg2 d6 6. h3 O-O 7. Nge2 Be6 8. d3
Re8 9. O-O Rf8 10. Kh2 Nd4 11. f4 c6 12. f5 Nxe2 13. g4 Nxg4+ 14. hxg4 Qh4+ 15.
Bh3 Qg3+ 16. Kh1 Qxh3# 0-1

[Event "ICS rated standard match"]
[Site "204.178.125.65"]
[Date "2000.04.26"]
[Round "?"]
[White "Hossa"]
[Black "MissSilicon"]
[Result "0-1"]
[WhiteElo "2394"]
[BlackElo "2434"]
[PlyCount "138"]
[EventDate "2000.??.??"]

1. e4 e6 2. d4 d5 3. Nc3 Nf6 4. Bg5 Be7 5. e5 Nfd7 6. Bxe7 Qxe7 7. f4 O-O 8.
Qd2 c5 9. Nf3 Nc6 10. dxc5 f6 11. exf6 Qxf6 12. g3 Nxc5 13. O-O-O a6 14. Kb1 b6
15. Bh3 Ra7 16. Rhe1 h6 17. Ne5 Nxe5 18. fxe5 Qe7 19. Rf1 Rc7 20. Rxf8+ Qxf8
21. Rf1 Qe8 22. Bg4 a5 23. Rf4 Ba6 24. Qf2 Kh7 25. Rf8 Qe7 26. Qf4 g6 27. Rf6
Qe8 28. h4 Rg7 29. h5 g5 30. Qf2 Bc8 31. Rf8 Qd7 32. Be2 Ba6 33. Bxa6 Nxa6 34.
Qxb6 Qa7 35. Qxa7 Rxa7 36. Nb5 Re7 37. Ra8 Nc5 38. Nd6 Ne4 39. Nxe4 dxe4 40.
Kc1 Rd7 41. Ra6 Rd5 42. Ra7+ Kg8 43. c4 Rd4 44. Ra8+ Kf7 45. Rxa5 e3 46. Ra7+
Ke8 47. Ra8+ Kd7 48. Ra7+ Kc6 49. Ra3 e2 50. Re3 Rd1+ 51. Kc2 e1=Q 52. Rxe1
Rxe1 53. b4 Re2+ 54. Kb3 Rxe5 55. Kc3 Re3+ 56. Kd4 Rxg3 57. Ke5 Ra3 58. b5+ Kc7
59. b6+ Kxb6 60. Kd6 Ra5 61. c5+ Rxc5 62. Ke7 g4 63. Kxe6 g3 64. a4 g2 65. Kd7
g1=Q 66. Ke7 Qg7+ 67. Kd6 Qe5+ 68. Kd7 Rc7+ 69. Kd8 Qh8# {Hossa checkmated} 0-1

[Event "ICS rated standard match"]
[Site "204.178.125.65"]
[Date "2000.04.26"]
[Round "?"]
[White "MissSilicon"]
[Black "Hossa"]
[Result "1-0"]
[WhiteElo "2448"]
[BlackElo "2380"]
[PlyCount "101"]
[EventDate "2000.??.??"]

1. e4 e5 2. Nf3 Nc6 3. Nc3 Nf6 4. Bb5 Bb4 5. O-O O-O 6. d3 d6 7. Bg5 Bxc3 8.
bxc3 Qe7 9. Rb1 Nd8 10. Bc4 Ne6 11. Be3 c6 12. Bb3 Nc7 13. Re1 Bg4 14. h3 Bh5
15. a4 Ne6 16. Ba2 b6 17. Kh2 Bxf3 18. Qxf3 Qd7 19. g4 d5 20. g5 dxe4 21. dxe4
Ne8 22. Qf5 Nd6 23. Qxe5 Rfe8 24. Red1 Rad8 25. Qg3 Qe7 26. f3 c5 27. Rd3 c4
28. Rd5 Qd7 29. Bxc4 Qxa4 30. Bb3 Qc6 31. Rbd1 Nc4 32. Bf2 Ra8 33. Rd7 Nb2 34.
R1d6 Qxc3 35. f4 Qxg3+ 36. Kxg3 b5 37. Bxe6 fxe6 38. Bd4 Nc4 39. Rxg7+ Kf8 40.
Rdd7 Nd6 41. Rxh7 Nxe4+ 42. Kg2 Re7 43. Rdxe7 Nxg5 44. fxg5 Rc8 45. Bf6 Rxc2+
46. Kf3 Rc3+ 47. Ke4 Rc4+ 48. Kd3 Rc3+ 49. Kxc3 b4+ 50. Kd2 a5 51. Rh8# {
Hossa checkmated} 1-0

[Event "ICS rated blitz match"]
[Site "204.178.125.65"]
[Date "2000.04.26"]
[Round "?"]
[White "Hossa"]
[Black "undertaker1"]
[Result "0-1"]
[WhiteElo "2432"]
[BlackElo "2583"]
[PlyCount "134"]
[EventDate "2000.??.??"]

1. e4 e5 2. Nf3 Nc6 3. Nc3 g6 4. Bc4 Bg7 5. O-O d6 6. Bb5 Nge7 7. d3 a6 8. Bc4
b5 9. Bb3 O-O 10. Bg5 h6 11. Bh4 Na5 12. Bd5 c6 13. Bxe7 Qxe7 14. b4 Bb7 15.
Bxf7+ Rxf7 16. bxa5 Qc7 17. Ne2 Qxa5 18. c3 Qc7 19. Qb3 Qe7 20. a4 Qf6 21. axb5
cxb5 22. Nd2 Raf8 23. f4 exf4 24. Rxf4 Qe5 25. Raf1 d5 26. Rxf7 Rxf7 27. Rxf7
Kxf7 28. Nf3 Qd6 29. d4 Qe6 30. e5 Kg8 31. Qb1 Qf7 32. Nh4 g5 33. Nf5 Bf8 34.
Qf1 Bc8 35. Ne3 Qxf1+ 36. Kxf1 Be6 37. g4 a5 38. Ng3 a4 39. Nh5 a3 40. Nf6+ Kf7
41. Ke2 Be7 42. Kf3 Bxf6 43. exf6 h5 44. h3 hxg4+ 45. hxg4 Kxf6 46. Nc2 a2 47.
Na1 Ke7 48. Ke2 Bxg4+ 49. Ke1 Kd6 50. Kd2 Bf3 51. Ke1 Ke6 52. Kf1 Kf5 53. Kf2
Ke4 54. Nc2 Bd1 55. Na1 Kd3 56. Ke1 Bc2 57. Kf2 Kxc3 58. Ke3 b4 59. Kf3 Kb2 60.
Nxc2 Kxc2 61. Kg4 a1=Q 62. Kf5 Qxd4 63. Ke6 b3 64. Kf7 b2 65. Kg8 Qa7 66. Kh8
b1=Q 67. Kg8 Qbb8# {Hossa checkmated} 0-1